Estadísticas para Instrumentos en una Orquestra

Haz click aquí para intentar la prueba.

Estadísticas generales

  • Esta prueba ha sido intentada 1.130 veces
    (1.121 desde el último reinicio)
  • La puntuación promedio es 17 de 34

Estadísticas de respuestas

TipoInstrumento% Correcto
CuerdaViolín
99%
TecladoPiano
95%
Viento maderaFlauta
93%
Viento metalTrompeta
91%
CuerdaViolonchelo
91%
PercusiónCaja
86%
CuerdaViola
85%
Viento metalTrombón
81%
Viento maderaClarinete
75%
CuerdaContrabajo
69%
PercusiónTambor tenor
68%
Viento metalTuba
68%
Viento maderaOboe
67%
PercusiónTriángulo
67%
TecladoArpa
60%
PercusiónTímpano
59%
Viento metalTrompa
58%
TecladoCelesta
51%
PercusiónXilófono
51%
Viento maderaFagot
47%
Viento maderaFlautín
46%
PercusiónBombo
45%
PercusiónGong
29%
PercusiónGlockenspiel
23%
PercusiónPandereta
22%
PercusiónMarimba
21%
PercusiónCampanas tubulares
18%
Viento maderaContrafagot
17%
Viento maderaCorno inglés
15%
PercusiónCaja china
11%
PercusiónCímbalo
11%
Viento maderaClarinete bajo
11%
PercusiónVibráfono
9%
Viento metalTrombón bajo
6%

Distribución de puntuación

Porcentaje por número respondido

Porcentaje de gente con cada puntuación

Historial de tus puntuaciones

No has intentado esta prueba desde el último reinicio